000 00793nam a22002417a 4500
001 BR7702592
003 BR-BrBNA
005 20230928085254.0
007 ta
008 230509b bl.||||| |||| 00| 0 por d
040 _aBR-BrBNA
_bpor
_cBiblioteca Nacional de Agricultura
041 _a(Por)
072 _aU20
_b/G514
090 _ U20 BR7702592
110 1 _aInstituto Brasileiro de Geografia e Estatistica, Rio de Janeiro, RJ (Brasil)
_95785
111 1 _a7. Congresso Brasileiro de Biblioteconomia e Documentacao
_cBelem, PA (Brazil)
_d29 Jul 1973
245 1 _aAnais. 7. Congresso Brasileiro de Biblioteconomia e Documentacao
260 3 _aRio de Janeiro, RJ (Brasil):
_c1977.
300 _a474 p.
650 _aDOCUMENTACAO
909 _a202309
_bLucia
_c55
_dLucia Elande
942 _cBK
999 _c23609
_d23609